000 00582cam a2200205 a 4500
020 _a1853838675
040 _cUKM
082 0 4 _a333 EAR 2001 A016 Co.
245 0 0 _aEarth Summit 2002 :
_ba new deal
250 _aRev. ed. /
260 _aLondon ;
_aSterling, VA :
_bEarthscan,
_c2001
300 _axx, 364 p. :
_bill. ;
_c22 cm
500 _aPrevious ed.: / edited by Felix Dodds. 2000
650 0 _aEnvironmental protection
650 0 _aSustainable development
650 0 _aEnvironmental policy
650 0 _aEconomic development
700 1 _aDodds, Felix
942 _cEK
999 _c11983
_d11983